| 000 | 00828nam a2200205 a 4500 | ||
|---|---|---|---|
| 008 | 120416s2004 ||||||||||||||||| || u | ||
| 050 | _aIBRD(08) | ||
| 100 | _aKaminski, Bartlomiej | ||
| 245 | 1 | 0 |
_aRomania's integration into the European markets: implications for sustainability of the current export boom _cby Bartlomiej Kaminski and Francis Ng |
| 260 |
_aWashington, DC: _bWorld Bank _c2004 |
||
| 300 | _a39p.: ill. | ||
| 350 | _a0.00 | ||
| 490 | _aPolicy Research Working Paper | ||
| 650 | _aTRADE POLICY--ZIMBABWE | ||
| 650 | _aIMPORT AND EXPORT--EUROPEAN MARKETS | ||
| 650 | 0 | _aSUSTAINABLE DEVELOPMENT--ROMANIA | |
| 700 | _aNg, Francis | ||
| 710 | _aWorld Bank | ||
| 995 |
_D0.00 _FCBU-MAIN LIBRARY (Kitwe) _H1 _I0.00 _M1 _UAVAILABLE _ZInternational Publications |
||
| 999 |
_c56736 _d56736 |
||